Nyílt levél Ladomerszky Margit művésznőhöz
Elmentve itt :
| Szerző: | |
|---|---|
| Dokumentumtípus: | Cikk |
| Megjelent: |
1965-01-16
|
| Sorozat: | Délmagyarország
55 No. 13 |
| Kulcsszavak: | Ladomerszky Margit, Színházi élet Szeged 1965 |
| Online Access: | http://dmarchiv.bibl.u-szeged.hu/62464 |
| LEADER | 00499nab a2200157 i 4500 | ||
|---|---|---|---|
| 001 | delm62464 | ||
| 005 | 20180927151333.0 | ||
| 008 | 180927s1965 hu o 0|| hun d | ||
| 040 | |a SZTE Délmagyarország Archívum |b hun | ||
| 041 | |a hun | ||
| 100 | 1 | |a Jenő István | |
| 245 | 1 | 0 | |a Nyílt levél Ladomerszky Margit művésznőhöz |h [elektronikus dokumentum] / |c Jenő István |
| 260 | |c 1965-01-16 | ||
| 300 | |a 4 | ||
| 490 | 0 | |a Délmagyarország |v 55 No. 13 | |
| 695 | |a Ladomerszky Margit, Színházi élet Szeged 1965 | ||